000 00743nam a2200265Ia 4500
003 OSt
005 20221007110804.0
006 a|||||r|||| 00| 0
007 ta
008 221006b |||||||| |||| 00| 0 eng d
024 _a21,897
037 _cTextual
040 _aLCO
_cLCO
_beng
041 _2eng
_aeng
082 _aX8(A)qN48, K8
100 _aSinha Parmanand Sharan
_9707846
245 0 _aCommentaries on the Factories Act, 1948
260 _aDelhi
_bBahri Brothers India
_c1968
300 _a104
500 _aSynopsis and Case Law
650 _aFACTORY ACT
700 _a Malhotra C.P.
_9707847
942 _hX8(A)qN48, K8
_cTEXL
999 _c1191460
_d1191460